Economics and exergy (Record no. 57381)
[ view plain ]
| 000 -LEADER | |
|---|---|
| fixed length control field | 01904nam a2200361 a 4500 |
| 082 04 - DEWEY DECIMAL CLASSIFICATION NUMBER | |
| Classification number | 333.79 |
| 100 1# - MAIN ENTRY--AUTHOR NAME | |
| Personal name | Rosen, Marc |
| 245 10 - TITLE STATEMENT | |
| Title | Economics and exergy |
| 260 ## - PUBLICATION, DISTRIBUTION, ETC. (IMPRINT) | |
| Place of publication | New York : |
| Name of publisher | Nova Science Publishers, Inc., |
| Year of publication | c2011. |
| 300 ## - PHYSICAL DESCRIPTION | |
| Number of Pages | xxii, 220 p. : |
| Other physical details | ill. (some col.). |
| 490 1# - SERIES STATEMENT | |
| Series statement | Energy science, engineering and technology |
| 505 0# - FORMATTED CONTENTS NOTE | |
| Formatted contents note | Concepts, methods and applications -- Motivation -- An introduction to exergy and economics -- Exergy -- Exergy and economics -- Exergy and economic methods -- Applications of exergy-based economic methods -- History of exergy and economic methods -- Illustrative examples -- Exergy analysis -- Excem analysis -- Loss-cost ratio analysis -- Exergy-based pricing -- Speco analysis -- Exergy-guided research and development investments for countries and regions -- Closure and future directions. |
| 650 #0 - SUBJECT ADDED ENTRY--TOPICAL TERM | |
| Topical Term | Energy policy. |
| Topical Term | Economic policy. |
| Topical Term | Exergy. |
| 856 40 - ELECTRONIC LOCATION AND ACCESS | |
| Uniform Resource Identifier | http://site.ebrary.com/lib/rucke/Doc?id=10675018 |
No items available.
